000
00305pam a2200133 a 4500
020
_c
041
_h
082
_a
708
_b
RAJ
100
_a
Chemical Smuggle .
245
_a
Sumedh Rajendra
_h
Textual Documents
260
_a
[s.l]:
_b
Vadhera Art Gallery,
_c
2007.
300
_a
20:
_b
PAPER.
930
_a
7076
999
_c
240866
_d
240866